000 00290nam a22001337a 4500
008 180224b xxu||||| |||| 00| 0 eng d
020 _a9781889720197
041 _aeng
080 _a232
100 _a24
101 _aTEO
245 _aLearning About Islam
_cEmerick, Y
942 _2udc
_cBK
999 _c43369
_d43369